Constitución política de la República de Chile: texto vigente, incluye reformas de los años 1989 y 1991
שמור ב:
| פורמט: | ספר |
|---|---|
| שפה: | ספרדית |
| יצא לאור: |
Santiago
Juridica de Chile
1994
|
| נושאים: | |
| תגים: |
הוספת תג
אין תגיות, היה/י הראשונ/ה לתייג את הרשומה!
|
MARC
| LEADER | 00000nam a2200000 a 4500 | ||
|---|---|---|---|
| 001 | UCX8759 | ||
| 003 | CL-VaPUC | ||
| 008 | 940425e19940000CL |||||||||||||||||spa|d | ||
| 082 | 0 | 4 | |a 342.83 |b CON |2 21 |
| 245 | 1 | 0 | |a Constitución política de la República de Chile: texto vigente, incluye reformas de los años 1989 y 1991 |
| 300 | |a 94 p | ||
| 942 | |c BK | ||
| 945 | |d 19940425 00:00:00 |a aalvarez | ||
| 260 | |a Santiago |b Juridica de Chile |c 1994 | ||
| 600 | 0 | 7 | |a CONSTITUCION POLITICA DE 1980 |2 CL-VaPUC |9 255131 |
| 650 | 0 | |a Derecho constitucional |9 222588 | |
| 651 | 7 | |a CHILE |2 CL-VaPUC |9 325958 | |
| 583 | |a last modification |c 19940425 00:00:00 |k Rodrigo Vera | ||
| 999 | |c 228168 |d 228166 | ||
| 952 | |0 0 |1 0 |4 0 |6 342_830000000000000_CON_1994 |7 0 |8 P |9 227909 |a BIBEDU |b BIBEDU |c BIBEDU_PB |d 2019-11-15 |i 2972514 |o 342.83 CON 1994 |p 2972514 |r 2024-01-25 |w 2019-11-15 |y BK |k EDU | ||
| 952 | |0 0 |1 0 |4 0 |6 342_830000000000000_CON_1994 |7 0 |8 P |9 227910 |a BIBEDU |b BIBEDU |c BIBEDU_PB |d 2019-11-15 |i 2978725 |o 342.83 CON 1994 |p 2978725 |r 2024-01-25 |w 2019-11-15 |y BK |k EDU | ||
| 952 | |0 0 |1 0 |4 0 |6 342_830000000000000_CON_1994 |7 0 |8 P |9 227911 |a BIBEDU |b BIBEDU |c BIBEDU_PB |d 2019-11-15 |i 2978717 |o 342.83 CON 1994 |p 2978717 |r 2024-01-25 |w 2019-11-15 |y BK |k EDU | ||
| 952 | |0 0 |1 0 |4 0 |6 342_830000000000000_CON_1994 |7 0 |8 A |9 227912 |a BIBHIS |b BIBHIS |d 2019-11-15 |i 3036154 |o 342.83 CON 1994 |p 3036154 |r 2025-01-20 |w 2019-11-15 |y BK |k HIS | ||